A TO Z Animals - Statistics

General Stats
  • This quiz has been taken 18 times
    10 since last reset
  • The average score is 13 of 26
Answer Stats
Picture Hint Answer % Correct
L Leopard
86%
A Albatross
71%
B Bat
71%
C Cheetah
71%
D Dingo
57%
F Fox
57%
J Jackal
57%
K Kangaroo
57%
M Meerkat
57%
O Okapi
57%
P Panda
57%
R Red Panda
57%
S Shark
57%
T Tapir
57%
G Giraffe
43%
H Hyena
43%
N Nightingale
43%
X oX
43%
U Unicorn
43%
W Whale
43%
Y Yak
43%
E Echidna
29%
I Ibex
29%
Q Quoll
29%
V Vole
29%
Z Zebu
29%
No matching quizzes found
Score Distribution
Percent of People with Each Score
Percentile by Number Answered
Your Score History
You have not taken this quiz since the last reset